| 000 | 00936nam a22002295i 4500 | ||
|---|---|---|---|
| 001 | 98649 | ||
| 003 | ES-MaACL | ||
| 005 | 20250905145402.0 | ||
| 007 | t| | ||
| 008 | 950922s1888 sp ||||1| spa d | ||
| 040 |
_aCAM _bspa _cCAM |
||
| 110 | 2 |
_aEscuela Normal Central de Maestras de Madrid. _93580 |
|
| 245 | 1 | 0 | _aInauguración de estudios verificada en la Escuela Normal Central de Maestras el día 19 de octubre de 1887. |
| 260 |
_aMadrid : _b[s.n.], _c1888 ( _fViuda de Hernando y Cª) |
||
| 300 |
_a58 p. ; _c23 cm. |
||
| 505 | 8 | _aContiene: Memoria leída por César de Eguílaz y Bengoechea; Discurso leído por Carmen Rojo y Herráiz; Discurso pronunciado por el Ministro de Fomento Carlos Navarro y Rodrigo | |
| 700 | 1 |
_aEguílaz, César de. _946757 |
|
| 700 | 1 |
_aRojo y Herraiz, Carmen. _999115 |
|
| 700 | 1 |
_aNavarro y Rodrigo, Carlos, _d1833-1903 _985192 |
|
| 852 |
_aES-MaACL _jFol-Laf-427 |
||
| 999 |
_c98649 _d98649 |
||